LEADER 00781nam a2200193 i 4500 001 000000251853 003 CaOOAMICUS 005 20161205000000.0 008 161205s1785 it u000 u ita u 013 $a230758 026 $ai.ia n-i- leme rede (3) 1785 (R) 040 $aSeMil$bita 245 10$aTomo 10. 300 $a413, [3] p., [1] carta di tav. ripieg. :$bill. calcogr. 500 $aSegn. : A-2C8. 773 0 $aCarli, Gian Rinaldo <1720-1795>$tDelle opere del signor commendatore don Gianrinaldo conte Carli... Tomo 1. [-19.].$dMilano : Nell'Imperial Monistero di S. Ambrogio Maggiore, 1784-1794.$g10$w()4284 850 $aSeMil 852 $aSeMil$W1$xVenegono$y1$m3N II 10 FA$j202199$B202199$CSeMilBibl$Z2$F214873 $8I 996 $6245$aTomo 10$9(OLS)http://semarc/title/194414 LEADER 01368nam a2200289 i 4500 001 000000125015 003 CaOOAMICUS 005 20051011000000.0 008 051011s1996 it u000 u ita u 013 $a97713 020 $a88-8095-125-6 040 $aSeMil$bita 245 10$aIn volo dalla Brughiera :$b"Il Piano del Verde" per la Riqualificazione del Paesaggio di Malpensa /$cA cura di Donatella Meucci. 260 $a[S.l.] :$bWhite Star,$cCopy. 1996. 260 $aLinate-Segrate (MI) :$bSEA, Società Esercizi Aeroportuali,$cCopy. 1996. 300 $a143 p. :$briccamente ill. ;$c21 cm. 500 $aContiene : Bibliografia. - Fondo Card. C.M. Martini. 650 4$aMalpensa.$0(OLS)http://semarc/subject/24257 700 1 $aMeucci, Donatella.$0(OLS)http://semarc/name/51954 850 $aSeMil 852 $aSeMil$W1$xVenegono$y1$m3P II 33$j79514$B79514$CSeMilBibl$Z2$F104494 $81 941 1 $a4 961 $aOmaggio: Martini Card. Carlo Maria 996 $6020$a88-8095-125-6$9(OLS)http://semarc/number/110872 996 $6245$aIn volo dalla Brughiera :$b"Il Piano del Verde" per la Riqualificazione del Paesaggio di Malpensa$9(OLS)http://semarc/title/184064 996 $6260$aLinate-Segrate (MI) :$bSEA, Società Esercizi Aeroportuali$9(OLS)http://semarc/publisher/46400 996 $6260$a[S.l.] :$bWhite Star$9(OLS)http://semarc/publisher/35511